Australian business franchise directory 2010.
| Format: | Book |
|---|---|
| Published: |
CGB Publishing,
2010.
|
| Subjects: |
| LEADER | 00508cam a2200157 7i4500 | ||
|---|---|---|---|
| 001 | 0000025328 | ||
| 005 | 20110106090000.0 | ||
| 022 | 0 | 0 | |a 1835-4009 |
| 090 | 0 | 0 | |a ASTL 381.13025 |b AUS |
| 245 | 0 | 0 | |a Australian business franchise directory 2010. |
| 260 | 0 | 0 | |a CGB Publishing, |c 2010. |
| 300 | # | # | |a 120 p. |
| 650 | 0 | 0 | |a Franchise (Retail trade) -- |x Directories -- |z Australia |
| 650 | 0 | 0 | |a Franchising -- |x Directories -- |z Australia |
| 651 | 0 | 0 | |a Australia |
| 999 | |a B000028066 |b Directories |c Countries |e Business Information Centre | ||